| 000 | 01052nam a22002297a 4500 | ||
|---|---|---|---|
| 003 | 0 | ||
| 005 | 20251105094329.0 | ||
| 008 | 251105b xxu||||| |||| 00| 0 eng d | ||
| 020 | _a978-1-84749-350-7 | ||
| 050 |
_aPR 5397 _b.S54 2021 |
||
| 100 |
_aShelley, Mary Wollstonecraft, _d1797–1851, _eauthor. |
||
| 245 |
_aFrankenstein / _cMary Shelley. |
||
| 260 |
_aRichmond, Surrey : _bAlma Classics, _c2021. |
||
| 300 |
_a207 pages ; _c20 cm. |
||
| 500 | _aOriginally published in 1818. Includes an introduction and notes. This edition contains additional materials including author biography and contextual essays. | ||
| 504 | _aIncludes bibliographical references. | ||
| 520 | _aA gothic novel about Victor Frankenstein, a young scientist who creates a living being from dead body parts, only to be horrified by his own creation. The story explores themes of ambition, responsibility, and the consequences of defying nature. | ||
| 650 |
_aMonsters _vFiction. |
||
| 650 |
_aScientists _vFiction. |
||
| 650 | _aHorror tales. | ||
| 942 |
_2lcc _cBK |
||
| 999 |
_c368466 _d368466 |
||